| 000 | 00509nam a2200169Ia 4500 | ||
|---|---|---|---|
| 005 | 20250508152957.0 | ||
| 008 | 008 250505s9999 xx 000 0 hin d | ||
| 037 | _aTextual | ||
| 040 |
_aFEDL _beng _cFEDL |
||
| 041 |
_ahin _2eng |
||
| 084 |
_aB, GUL _qFEDL |
||
| 245 | 0 | _aJeewan rashmiyan: Babu Gulab Ray ke jeewan sambandhi nibandhon ka sangreh | |
| 260 |
_aDelhi, India _bShivlal Agarwal and Company Pvt. Ltd. _c1962 |
||
| 300 | _a176p | ||
| 942 |
_cTEXL _hB, GUL |
||
| 999 |
_c1339953 _d1339953 |
||